Les états des Etats-Unis : Nevada - Statistiques

Statistiques générales
  • Ce quiz a été pris 66 fois
  • Le résultat moyen est 10 sur 20
Statistiques - réponses
Hint Réponse % Correct
Plus grande ville connu pour ses casinos Las Vegas
100%
État frontalier à l'ouest Californie
97%
Pays européen qui a d'abord colonisé le Nevada Espagne
88%
Autre état frontalier à l'est qui incluait le Nevada jusqu'en 1861 Utah
79%
Nom de la chaîne de montagne qui a donné son nom à l'état Sierra Nevada
66%
Après la révolte de cette colonie le Nevada a été inclut dans le territoire ce nouveau pays en 1821 Mexique
64%
Capitale Carson city
59%
Base militaire dites "secrète" qui cacherait de nombreux secrets à la population et des OVNIS Zone 51
57%
Métal naturellement présent dans le Nevada servant dans la fabrication de batteries de téléphone ou encore de voiture Lithium
53%
Célèbre barrage sur le fleuve Colorado à cheval entre le Nevada et l'Arizona portant le nom du président des États-Unis élu en 1929 Barrage Hoover
48%
Chanteur américain né dans le Tenesse qui a investi pendant des années les casinos de la plus grande ville de l'état Elvis Presley
48%
Surnom de l'état qui indique que l'on y trouve de grandes quantités d'un minerai argenté Silver State
43%
Joueur de tennis américain né dans le Nevada ayant remporté 10 titres majeurs sur le circuit ATP de 1986 à 2006 Andre Agassi
36%
Seul état des États-Unis à avoir légalisé cette pratique Prostitution
28%
Rassemblement de neuf jours dans le désert qui se conclut par l'embrasement d'un mannequin géant Burning man
24%
Plus grand lac de montagne des États-Unis Lac Tahoe
21%
Désert qui entoure cette ville Désert des Mojaves
17%
Série policière américaine mettant en scène les enquêtes d'une brigade de la police scientifique dans le Nevada Les experts
17%
Franchise évoluant en NFL basé dans la plus grande ville de l'état Raiders de Las Vegas
14%
Livres de Hunter S. Thompson paru en 1972 racontant la virée de deux journalistes sous drogues dans la plus grande ville de l'état qui a été adapté en film en 1998 Las Vegas parano
12%
Aucun quiz correspondant
Distribution des résultats
% des personnes avec chaque résultat
Percentile par nombre de réponses
Votre historique - résultats
Vous n’avez pas pris ce quiz